000 02551nam a22002417a 4500
005 20250415151313.0
008 250415b |||||||| |||| 00| 0 eng d
020 _a9789389588200
040 _cAIMIT LIBRARY
082 _21
_a339
_bACED
100 _aAcemoglu, Daron.
_eAuthor
_9208355
245 _aMacroeconomics /
_cBy Daron Acemoglu, David Laibson and John A. List.
250 _a1st ed.
260 _aUttar Pradesh :
_bPearson India Education Services Pvt. Ltd ,
_c2020.
300 _a424p. ;
_bPB
_c28cm
500 _aThroughout Macroeconomics, authors Daron Acemoglu, David Laibson, and John List use real economic questions and data to help students learn about the world around them. Taking a fresh approach, the authors use the themes of optimization, equilibrium and empiricism to illustrate the power of simple economic ideas, and their ability to explain, predict, and improve what happens in the world. Each chapter begins with an empirical question that is later answered using data in the Evidence-Based Economics feature. As a result of the text's practical emphasis, students will learn to apply economic principles to guide the decisions they make in their own lives.
505 _a"I. Introduction to Economics 1. The Principles and Practice of Economics 2. Economic Methods and Economic Questions 3. Optimization: Doing the Best You Can 4. Demand, Supply, and Equilibrium II. Introduction to Macroeconomics 5. The Wealth of Nations: Defining and Measuring Macroeconomic Aggregates 6. Aggregate Incomes III. Long-Run Growth and Development 7. Economic Growth 8. Why Isn't the Whole World Developed? IV. Equilibrium in the Macroeconomy 9. Employment and Unemployment 10. Credit Markets 11. The Monetary System V. Short-Run Fluctuations and Macroeconomic Policy 12. Short-run Fluctuations 13. Countercyclical Macroeconomic Policy VI. Macroeconomics in a Global Economy 14. Macroeconomics and International Trade 15. Open Economy Macroeconomics Web Chapter 1. Financial Decision Making Web Chapter 2. Economics of Life, Health, and the Environment Web Chapter 3. Political Economy"
_r"John List, University of Chicago David Laibson, Harvard University Daron Acemoglu, Massachusetts Institute of Technology"
650 _aLong run growth and development.
_9208356
650 _aMacroeconomics in a global economy.
_9208357
700 _aLaibson, David.
_eAuthor.
_9208358
700 _aList, John A.
_eAuthor.
_9208359
942 _2ddc
_cBK
_e1st
_k339 ACED
999 _c234161
_d234161